<?xml version="1.0" encoding="UTF-8"?><?xml-stylesheet type="text/xsl" href="static/style.xsl"?><OAI-PMH xmlns="http://www.openarchives.org/OAI/2.0/" xmlns:xsi="http://www.w3.org/2001/XMLSchema-instance" xsi:schemaLocation="http://www.openarchives.org/OAI/2.0/ http://www.openarchives.org/OAI/2.0/OAI-PMH.xsd"><responseDate>2026-04-28T17:55:18Z</responseDate><request verb="GetRecord" identifier="oai:riubu.ubu.es:10259/6217" metadataPrefix="marc">https://riubu.ubu.es/oai/request</request><GetRecord><record><header><identifier>oai:riubu.ubu.es:10259/6217</identifier><datestamp>2024-06-12T11:48:32Z</datestamp><setSpec>com_10259_4323</setSpec><setSpec>com_10259_5086</setSpec><setSpec>com_10259_2604</setSpec><setSpec>col_10259_4330</setSpec></header><metadata><record xmlns="http://www.loc.gov/MARC21/slim" xmlns:doc="http://www.lyncode.com/xoai" xmlns:xsi="http://www.w3.org/2001/XMLSchema-instance" xmlns:dcterms="http://purl.org/dc/terms/" xsi:schemaLocation="http://www.loc.gov/MARC21/slim http://www.loc.gov/standards/marcxml/schema/MARC21slim.xsd">
<leader>00925njm 22002777a 4500</leader>
<datafield tag="042" ind1=" " ind2=" ">
<subfield code="a">dc</subfield>
</datafield>
<datafield tag="720" ind1=" " ind2=" ">
<subfield code="a">Atilhan, Mert</subfield>
<subfield code="e">author</subfield>
</datafield>
<datafield tag="720" ind1=" " ind2=" ">
<subfield code="a">Cincotti, Alberto</subfield>
<subfield code="e">author</subfield>
</datafield>
<datafield tag="720" ind1=" " ind2=" ">
<subfield code="a">Aparicio Martínez, Santiago</subfield>
<subfield code="e">author</subfield>
</datafield>
<datafield tag="260" ind1=" " ind2=" ">
<subfield code="c">2021-05</subfield>
</datafield>
<datafield tag="520" ind1=" " ind2=" ">
<subfield code="a">The properties of cage(33:133) macrocycle in perchloropropene (PCP) as model for type II porous liquids were studied using molecular simulation tools. Likewise, the behaviour of CO2 in these porous liquid phases were studied to analyse the nanoscopic mechanism for carbon capture purposes. Quantum chemistry calculations using Density Functional Theory were carried out to characterize the intermolecular forces between cage, solvent and CO2 molecules. Molecular dynamics simulations of liquid phases at different cage concentration provides information on the structuring, aggregation, solvation and dynamic properties of these porous liquids. The reported results led to a full characterization of the features controlling type II porous liquids properties as well as the behaviour of carbon dioxide in them, thus providing the required information for the proper design of porous liquids and their use for carbon capturing operations. The nanoscopic structure of the studied fluids showed that it is possible to solubilize suitable amounts of the cages in the solvents to develop a network of pores in the liquid to capture CO2 in an efficient way.</subfield>
</datafield>
<datafield tag="024" ind2=" " ind1="8">
<subfield code="a">0167-7322</subfield>
</datafield>
<datafield tag="024" ind2=" " ind1="8">
<subfield code="a">http://hdl.handle.net/10259/6217</subfield>
</datafield>
<datafield tag="024" ind2=" " ind1="8">
<subfield code="a">10.1016/j.molliq.2021.115660</subfield>
</datafield>
<datafield ind1=" " ind2=" " tag="653">
<subfield code="a">Porous liquids</subfield>
</datafield>
<datafield ind1=" " ind2=" " tag="653">
<subfield code="a">Carbon dioxide</subfield>
</datafield>
<datafield ind1=" " ind2=" " tag="653">
<subfield code="a">Molecular simulation</subfield>
</datafield>
<datafield ind1=" " ind2=" " tag="653">
<subfield code="a">Intermolecular forces</subfield>
</datafield>
<datafield tag="245" ind1="0" ind2="0">
<subfield code="a">Nanoscopic characterization of type II porous liquid and its use for CO2 absorption from molecular simulation</subfield>
</datafield>
</record></metadata></record></GetRecord></OAI-PMH>